000
00241nam a2200097Ia 4500
001
687391
005
20250826161555.0
008
250824s9999 xx 000 0 und d
245
0
_a
AYI BOYAMAK
_c
SEMİH GÜMÜŞ
260
_b
GÜNIŞIĞI YAYINLARI
999
_c
687391
_d
687391